000 00255nam a2200109Ia 4500
008 220204s9999 xx 000 0 und d
082 _a82-3
_bPAU
100 _aPaul, Charlotte
245 0 _aPhoenix island
260 _aHerts
_bMayflower
_c1977
942 _cBK
999 _c32929
_d32929